000
00320nam a2200133Ia 4500
008
191201s2010 xx 000 0 und d
100
_a
CHAKRABARTI, A
245
0
_a
Circuit Theory
250
_a
Rep
260
_c
2010
_b
Dhanpat Rai Pubns (P) Ltd
_a
New Delhi
300
_a
1680
650
_a
ECE 3RD SEM
942
_2
ddc
_c
BB
999
_c
7730
_d
7730